[Event "Brno Open FIDE"]
[Site "?"]
[Date "2016.08.27"]
[Round "8"]
[White "Koci, Milos"]
[Black "Brda, Vlastimil"]
[Result "0-1"]
[WhiteElo "1251"]
[BlackElo "1246"]
[PlyCount "52"]
[EventDate "2016.08.??"]

1. d4 d5 2. Bf4 Nc6 3. Nf3 Bf5 4. a3 f6 5. h3 e6 6. e3 Bd6 7. Bxd6 cxd6 8. Bd3
Be4 9. O-O f5 10. c4 Nf6 11. Nc3 O-O 12. cxd5 exd5 13. Ng5 Qe7 14. Be2 Bxg2 15.
Kxg2 Ne4 16. Nf3 Qf7 17. Rg1 Ne7 18. Kf1 f4 19. Qd3 Nxc3 20. bxc3 fxe3 21. fxe3
Rae8 22. Re1 Nf5 23. Bd1 Nh4 24. Rg4 Nxf3 25. Ke2 Nxe1 26. Kxe1 Qf2# 0-1

[Event "Brno Open FIDE"]
[Site "?"]
[Date "2016.08.28"]
[Round "9"]
[White "Vyskocil, Neklan"]
[Black "Snorek, Milan"]
[Result "1-0"]
[WhiteElo "2318"]
[BlackElo "2012"]
[PlyCount "133"]
[EventDate "2016.08.??"]

1. e4 e5 2. Nf3 Nf6 3. Nc3 Bb4 4. Bc4 Nc6 5. Nd5 O-O 6. O-O Nxe4 7. Re1 Nd6 8.
Nxb4 Nxc4 9. Nxc6 dxc6 10. d3 Nd6 11. Nxe5 f6 12. Ng4 Bf5 13. Bf4 Qd7 14. Ne3
g5 15. Bxd6 cxd6 16. Nxf5 Qxf5 17. Re7 Rf7 18. Qe2 Raf8 19. Re1 d5 20. h3 Kg7
21. Re6 Rd7 22. d4 Qf4 23. Qd3 Rff7 24. c3 Qh4 25. Qf5 Qf4 26. Qxf4 gxf4 27.
Kf1 Kg6 28. R1e5 c5 29. dxc5 d4 30. Ke2 dxc3 31. bxc3 Rf8 32. Re7 Rfd8 33. Rxd7
Rxd7 34. Re4 Kf5 35. Ra4 Rc7 36. Ra5 Rc6 37. Rb5 a6 38. Rxb7 Rxc5 39. Kd3 Rd5+
40. Kc2 Re5 41. Rd7 h5 42. Rd2 h4 43. f3 Re8 44. c4 Re3 45. Kb2 a5 46. a4 Ke6
47. c5 Re5 48. Rc2 Kd7 49. Kb3 Kc6 50. Rc4 Re3+ 51. Kc2 Re2+ 52. Kd3 Rxg2 53.
Rxf4 Kxc5 54. Rxh4 Kd6 55. Rh5 Rh2 56. Ke3 Ke6 57. Kf4 Rh1 58. h4 Rh3 59. Kg4
Rh1 60. Rxa5 Rg1+ 61. Kf4 Rh1 62. Kg3 Rg1+ 63. Kf2 Rh1 64. h5 f5 65. h6 Kf6 66.
Kg3 Rg1+ 67. Kf4 1-0

[Event "Brno Open FIDE"]
[Site "?"]
[Date "2016.08.28"]
[Round "9"]
[White "Skacelik, Petr"]
[Black "Meszaros, Ludek"]
[Result "1-0"]
[WhiteElo "2157"]
[BlackElo "2128"]
[PlyCount "115"]
[EventDate "2016.08.??"]

1. d4 Nf6 2. c4 g6 3. Nc3 Bg7 4. e4 d6 5. f3 O-O 6. Be3 Nc6 7. Nge2 a6 8. Qd2
Na5 9. Nc1 Nd7 10. Nb3 Nxb3 11. axb3 c5 12. d5 Qb6 13. Qc2 Nf6 14. Be2 e6 15.
dxe6 fxe6 16. O-O Nh5 17. Rfd1 Bd4 18. Bf2 e5 19. Bf1 Nf4 20. Bxd4 cxd4 21. Na4
Qc7 22. c5 dxc5 23. Qxc5 Qg7 24. Nb6 Rb8 25. Ra5 Re8 26. Bc4+ Kh8 27. Qd6 Qe7
28. Qxe7 Rxe7 29. g3 Nh5 30. Rc5 Bh3 31. Nd5 Rd7 32. g4 b5 33. Be2 Nf4 34. Nxf4
exf4 35. Bd3 Kg7 36. Kf2 Kf7 37. b4 Rb6 38. Rdc1 Ke7 39. Rc8 Kf6 40. R1c5 Kg7
41. Ra8 Re6 42. Rcc8 Kf6 43. Rf8+ Kg5 44. Rac8 Re5 45. Rc5 Rxc5 46. bxc5 Rc7
47. b4 h5 48. gxh5 gxh5 49. Rd8 a5 50. Rd5+ Kh4 51. bxa5 Be6 52. Rxd4 Rxc5 53.
a6 Rc6 54. Bxb5 Rc2+ 55. Ke1 Bc8 56. Rc4 Rxc4 57. Bxc4 Kh3 58. a7 1-0

[Event "Brno Open FIDE"]
[Site "?"]
[Date "2016.08.28"]
[Round "9"]
[White "Popper, Tomas"]
[Black "Tikovsky, Alexandr"]
[Result "0-1"]
[WhiteElo "2043"]
[BlackElo "2181"]
[PlyCount "100"]
[EventDate "2016.08.??"]

1. Nf3 g6 2. b4 Bg7 3. d4 Nf6 4. c4 O-O 5. Bb2 d6 6. e3 Nbd7 7. Be2 e5 8. dxe5
Ng4 9. O-O Ngxe5 10. Nxe5 Nxe5 11. Bd4 a5 12. f4 Nd7 13. Bxg7 Kxg7 14. Qd4+ Qf6
15. b5 Nc5 16. Nd2 Re8 17. Bf3 Qxd4 18. exd4 Ne6 19. Rae1 Kf8 20. Bd5 Nxd4 21.
Rxe8+ Kxe8 22. Re1+ Kf8 23. Nf3 Nxf3+ 24. Bxf3 Rb8 25. Bd5 Bd7 26. Rb1 b6 27.
Re1 Re8 28. Rxe8+ Bxe8 29. g4 h6 30. h4 g5 31. hxg5 hxg5 32. Kf2 Kg7 33. Ke3
Bd7 34. f5 Kf6 35. Ke4 Be8 36. Bb7 Ke7 37. Bd5 Kd8 38. Bb7 Ke7 39. Bd5 f6 40.
a4 Kd8 41. Be6 d5+ 42. Bxd5 Ke7 43. Kd4 Kd6 44. Bg8 Bd7 45. Bf7 c6 46. Bg8 Bc8
47. c5+ bxc5+ 48. Kc4 Bb7 49. Be6 cxb5+ 50. Kxb5 Bf3 0-1

[Event "Brno Open FIDE"]
[Site "?"]
[Date "2016.08.28"]
[Round "9"]
[White "Rehurek, Lukas"]
[Black "Pokorny, Petr"]
[Result "1/2-1/2"]
[WhiteElo "2180"]
[BlackElo "2176"]
[PlyCount "53"]
[EventDate "2016.08.??"]

1. e4 e5 2. Nf3 Nc6 3. Bb5 a6 4. Ba4 Nf6 5. O-O Nxe4 6. d4 b5 7. Bb3 d5 8. dxe5
Be6 9. Qe2 Be7 10. Rd1 O-O 11. c4 bxc4 12. Bxc4 Bc5 13. Be3 Bxe3 14. Qxe3 Qb8
15. Bb3 Qa7 16. Qxa7 Nxa7 17. Nbd2 Rab8 18. Rac1 c6 19. Nxe4 dxe4 20. Bxe6 fxe6
21. Ng5 Rxb2 22. Nxe6 Re8 23. Ng5 h6 24. Nxe4 Rxe5 25. f3 Ra5 26. Rd7 Raxa2 27.
Rxa7 1/2-1/2

[Event "Brno Open FIDE"]
[Site "?"]
[Date "2016.08.28"]
[Round "9"]
[White "Chudinovskis, Alexander"]
[Black "Zeman, Radek"]
[Result "1-0"]
[WhiteElo "2258"]
[BlackElo "1977"]
[PlyCount "95"]
[EventDate "2016.08.??"]

1. e4 Nc6 2. Nf3 e5 3. d4 exd4 4. Nxd4 Bc5 5. Nxc6 bxc6 6. Bc4 d6 7. O-O Nf6 8.
Nc3 h6 9. Bf4 Bg4 10. Qd2 O-O 11. h3 Bh5 12. Rfe1 Re8 13. e5 dxe5 14. Qxd8
Raxd8 15. Rxe5 Rxe5 16. Bxe5 Ne8 17. Ne4 Bb6 18. a4 Nd6 19. Nd2 Nxc4 20. Nxc4
Be2 21. Na3 Bc5 22. Bxc7 Rd1+ 23. Rxd1 Bxd1 24. Nc4 Bxc2 25. a5 f6 26. Bd6 Bd4
27. b4 Bd3 28. Nd2 Kf7 29. Nb3 Bc3 30. f4 Bc4 31. Nc5 Bxb4 32. Nb7 Be1 33. Bc5
Bb5 34. Bxa7 Ke6 35. Bf2 Bxf2+ 36. Kxf2 Kd5 37. f5 Bd3 38. g4 c5 39. Ke3 Bf1
40. h4 Kc6 41. Nd8+ Kb5 42. Ne6 c4 43. Nxg7 Bh3 44. g5 hxg5 45. h5 g4 46. h6 c3
47. h7 c2 48. Kd2 1-0

[Event "Brno Open FIDE"]
[Site "?"]
[Date "2016.08.28"]
[Round "9"]
[White "Dvorak, Adam"]
[Black "Licka, Vlastimil"]
[Result "1/2-1/2"]
[WhiteElo "2211"]
[BlackElo "1944"]
[PlyCount "34"]
[EventDate "2016.08.??"]

1. b3 e5 2. Bb2 Nc6 3. e3 d6 4. Bb5 Nge7 5. Nf3 a6 6. Be2 Ng6 7. c4 Be7 8. Nc3
f5 9. d4 e4 10. Nd2 O-O 11. Qc2 Nb4 12. Qb1 c5 13. a3 cxd4 14. axb4 dxc3 15.
Bxc3 Bf6 16. Qb2 Bd7 17. Rd1 Qe7 1/2-1/2

[Event "Brno Open FIDE"]
[Site "?"]
[Date "2016.08.28"]
[Round "9"]
[White "Fojtik, Tomas"]
[Black "Martisek, Karel"]
[Result "1/2-1/2"]
[WhiteElo "2061"]
[BlackElo "1821"]
[PlyCount "54"]
[EventDate "2016.08.??"]

1. d4 f5 2. Nf3 Nf6 3. g3 e6 4. Bg2 c6 5. O-O Be7 6. c4 O-O 7. Nc3 Na6 8. a3 d6
9. b4 Nc7 10. Qb3 Kh8 11. b5 Bd7 12. a4 Ne4 13. Ba3 Rc8 14. Rfc1 Ne8 15. Nxe4
fxe4 16. Nd2 d5 17. e3 Nf6 18. Rf1 Bxa3 19. Rxa3 Qe7 20. Ra2 e5 21. dxe5 Qxe5
22. cxd5 cxd5 23. Qa3 Ng4 24. Rc2 Qh5 25. h4 Qh6 26. Rfc1 Qf6 27. f4 exf3 {(R)}
1/2-1/2

[Event "Brno Open FIDE"]
[Site "?"]
[Date "2016.08.28"]
[Round "9"]
[White "Krejci, Petr"]
[Black "Haupt, Jaromir"]
[Result "1-0"]
[WhiteElo "2007"]
[BlackElo "1740"]
[PlyCount "78"]
[EventDate "2016.08.??"]

1. Nf3 g6 2. g3 Bg7 3. Bg2 Nf6 4. c4 O-O 5. Nc3 d6 6. d4 Nbd7 7. O-O c6 8. e4
e5 9. b3 a6 10. h3 Re8 11. Re1 b5 12. d5 cxd5 13. Nxd5 Nxd5 14. Qxd5 Nb6 15.
Qd3 bxc4 16. bxc4 Be6 17. c5 dxc5 18. Qc2 Qc8 19. Ng5 Bf8 20. a4 a5 21. Bf1 h6
22. Nxe6 Qxe6 23. Be3 Rec8 24. Kg2 Kg7 25. Rab1 Be7 26. Rb5 Qc6 27. Kh2 Nd7 28.
f4 Bd6 29. Bg2 c4 30. Rd1 Rc7 31. Rbd5 Bb4 32. fxe5 Nb6 33. Rb5 Rb8 34. Rf1 Qe8
35. Rf6 Qd8 36. Bxb6 Rxb6 37. Rfxb6 Qd3 38. Qf2 c3 39. Qf6+ Kh7 1-0

[Event "Brno Open FIDE"]
[Site "?"]
[Date "2016.08.28"]
[Round "9"]
[White "Janous, Petr"]
[Black "Pribyl, Rene"]
[Result "1/2-1/2"]
[WhiteElo "1918"]
[BlackElo "1989"]
[PlyCount "37"]
[EventDate "2016.08.??"]

1. e4 e5 2. Nf3 Nf6 3. Nxe5 d6 4. Nf3 Nxe4 5. Qe2 Qe7 6. d3 Nf6 7. Bg5 Qxe2+ 8.
Bxe2 Be7 9. Nc3 c6 10. O-O-O h6 11. Bd2 Nbd7 12. h3 b5 13. Nd4 Bb7 14. Nf5 Bf8
15. Bf4 d5 16. Nd6+ Bxd6 17. Bxd6 O-O-O 18. Rhe1 Rde8 19. Bf3 1/2-1/2

[Event "Brno Open FIDE"]
[Site "?"]
[Date "2016.08.28"]
[Round "9"]
[White "Marko, Daniel"]
[Black "Stehlik, Jiri"]
[Result "1/2-1/2"]
[WhiteElo "1955"]
[BlackElo "1968"]
[PlyCount "44"]
[EventDate "2016.08.??"]

1. d4 Nf6 2. g3 d5 3. c4 c6 4. Nf3 Bf5 5. Nbd2 e6 6. Bg2 h6 7. O-O Nbd7 8. b3
Be7 9. Bb2 O-O 10. Ne5 Qc7 11. Nxd7 Qxd7 12. Re1 Rad8 13. e4 dxe4 14. Nxe4 Nxe4
15. Bxe4 Bxe4 16. Rxe4 f5 17. Re2 Bf6 18. Qe1 Bxd4 19. Bxd4 Qxd4 20. Rxe6 Rd7
21. Qe5 Qxe5 22. Rxe5 Rd2 {(R)} 1/2-1/2

[Event "Brno Open FIDE"]
[Site "?"]
[Date "2016.08.28"]
[Round "9"]
[White "Tsenov, Tsvetoslav"]
[Black "Zuziak, Petr"]
[Result "1-0"]
[WhiteElo "2148"]
[BlackElo "1909"]
[PlyCount "69"]
[EventDate "2016.08.??"]

1. e4 Nc6 2. Nf3 d6 3. h3 Nf6 4. Nc3 e6 5. d4 Be7 6. Be3 O-O 7. Qd2 b6 8. O-O-O
Bb7 9. Be2 Na5 10. d5 exd5 11. exd5 c5 12. g4 a6 13. g5 Nd7 14. h4 b5 15. g6
fxg6 16. Ng5 Bxg5 17. Bxg5 Qc7 18. h5 gxh5 19. Rxh5 g6 20. Bh6 Rf7 21. Rg5 Ne5
22. f4 Nac4 23. Bxc4 Nxc4 24. Qd3 Qe7 25. Kb1 Qe3 26. Rxg6+ Kh8 27. Re6 Qxd3
28. cxd3 Na5 29. Rde1 Rg8 30. Rxd6 c4 31. Bg5 cxd3 32. b3 Rc8 33. Ne4 Re8 34.
Re6 Rc8 35. Nd6 1-0

[Event "Brno Open FIDE"]
[Site "?"]
[Date "2016.08.28"]
[Round "9"]
[White "Straka, Vojtech"]
[Black "Mencik, Pavel"]
[Result "1/2-1/2"]
[WhiteElo "1917"]
[BlackElo "1893"]
[PlyCount "42"]
[EventDate "2016.08.??"]

1. d4 Nf6 2. c4 c5 3. Nf3 cxd4 4. Nxd4 e6 5. Nc3 Bc5 6. e3 O-O 7. Be2 Nc6 8.
O-O d5 9. Nxc6 bxc6 10. Na4 Be7 11. c5 e5 12. Qc2 g6 13. b3 Bf5 14. Bd3 Bxd3
15. Qxd3 Nd7 16. Qc2 f5 17. Bb2 Bf6 18. Rad1 Rb8 19. f3 Qe7 20. e4 fxe4 21.
fxe4 d4 1/2-1/2

[Event "Brno Open FIDE"]
[Site "?"]
[Date "2016.08.28"]
[Round "9"]
[White "Marsa, Alexandr"]
[Black "Habina, Martin"]
[Result "1/2-1/2"]
[WhiteElo "1000"]
[BlackElo "1991"]
[PlyCount "89"]
[EventDate "2016.08.??"]

1. d4 Nf6 2. c4 c5 3. dxc5 e6 4. Nf3 Bxc5 5. Nc3 O-O 6. a3 d5 7. b4 Be7 8. cxd5
exd5 9. Bb2 Nc6 10. e3 Be6 11. Be2 Rc8 12. O-O a6 13. Nd4 Qb6 14. Na4 Qd8 15.
Rc1 a5 16. b5 Nb8 17. Qb3 Nbd7 18. b6 Ne4 19. Rxc8 Qxc8 20. Rc1 Ndc5 21. Nxc5
Nxc5 22. Qb5 a4 23. Nxe6 fxe6 24. Bd4 Rxf2 25. Bxc5 Rxe2 26. Qxe2 Bxc5 27. Kh1
Qf8 28. Qb5 Bxe3 29. Rf1 Qc8 30. Qxa4 Bxb6 31. Qf4 h6 32. Qf7+ Kh7 33. Re1 d4
34. Qxe6 Qxe6 35. Rxe6 Ba5 36. a4 d3 37. Rd6 d2 38. Rd5 Bb4 39. Kg1 b6 40. Kf1
Kg6 41. Ke2 h5 42. h4 Ba5 43. Rg5+ Kh6 44. g3 Bb4 45. Rd5 1/2-1/2

[Event "Brno Open FIDE"]
[Site "?"]
[Date "2016.08.28"]
[Round "9"]
[White "Hruza, Dominik"]
[Black "Hrdlicka, Vladan"]
[Result "1-0"]
[WhiteElo "1772"]
[BlackElo "1783"]
[PlyCount "115"]
[EventDate "2016.08.??"]

1. e4 e6 2. d4 d5 3. Nd2 c5 4. exd5 exd5 5. Ngf3 c4 6. Be2 Nf6 7. O-O Bd6 8.
Ne5 O-O 9. Ndf3 Qc7 10. Re1 b5 11. b3 Nbd7 12. Bf1 a5 13. a4 Bb4 14. Bd2 Bxd2
15. Qxd2 Ne4 16. Qe3 cxb3 17. Qxb3 Nxe5 18. Nxe5 bxa4 19. Qxd5 Bb7 20. Qd7 Qxd7
21. Nxd7 Rfd8 22. Nb6 Rab8 23. d5 Nf6 24. c4 Ba6 25. Reb1 g6 26. Nxa4 Ne4 27.
Rb6 Rxb6 28. Nxb6 Rd6 29. Na4 Rf6 30. c5 Bxf1 31. Rxf1 Kf8 32. f3 Nd6 33. cxd6
Rxd6 34. Rd1 f5 35. Kf2 f4 36. Nc3 Ke7 37. Ne4 Ra6 38. d6+ Kd8 39. Ra1 a4 40.
Ra3 Ra5 41. h4 h6 42. Ke2 Kd7 43. Rxa4 Rxa4 44. Nc5+ Kxd6 45. Nxa4 Ke5 46. Nc3
Kf5 47. Ne4 g5 48. h5 Ke5 49. Kd3 Kf5 50. Kc4 Ke6 51. Kb5 Ke5 52. Kc6 Ke6 53.
Nf2 Kf6 54. Ng4+ Kg7 55. Kd7 Kh7 56. Ke7 Kg7 57. Ke6 Kh7 58. Kf7 1-0

[Event "Brno Open FIDE"]
[Site "?"]
[Date "2016.08.28"]
[Round "9"]
[White "Kosina, Vladimir"]
[Black "Zikan, Karel"]
[Result "1/2-1/2"]
[WhiteElo "1704"]
[BlackElo "1725"]
[PlyCount "95"]
[EventDate "2016.08.??"]

1. e4 c6 2. d4 d5 3. Nc3 dxe4 4. Nxe4 Nd7 5. Bd3 Ngf6 6. Ng3 Nb6 7. c3 Bg4 8.
f3 Bh5 9. Nxh5 Nxh5 10. Ne2 e6 11. O-O Bd6 12. Qe1 O-O 13. Be3 Nd5 14. Qd2 Nxe3
15. Qxe3 Qc7 16. f4 c5 17. g3 Nf6 18. Rac1 Rac8 19. Qf3 Qc6 20. Kf2 cxd4 21.
cxd4 Qxf3+ 22. Kxf3 h5 23. h3 g6 24. Nc3 Rfd8 25. Ke3 a6 26. Rfd1 Bb8 27. Be4
Nxe4 28. Kxe4 b5 29. a3 f5+ 30. Ke3 Ba7 31. Ne2 Kf7 32. Rc3 Kf6 33. Rdc1 Rxc3+
34. Rxc3 Ke7 35. b4 Rd7 36. Rc8 Rd8 37. Rxd8 Kxd8 38. Ng1 Ke7 39. Nf3 Bb8 40.
h4 Bc7 41. Kd3 Kd7 42. Kc3 Kc6 43. Ng5 Kd5 44. Kd3 Bb6 45. Nf3 Ba7 46. Ke3 Kc4
47. Ne5+ Kd5 48. Nf3 1/2-1/2

[Event "Brno Open FIDE"]
[Site "?"]
[Date "2016.08.28"]
[Round "9"]
[White "Blazek, Pavel"]
[Black "Fryda, Dominik"]
[Result "1/2-1/2"]
[WhiteElo "1755"]
[BlackElo "1640"]
[PlyCount "75"]
[EventDate "2016.08.??"]

1. e4 e6 2. d4 d5 3. exd5 exd5 4. Bd3 Bd6 5. Ne2 Nf6 6. Bf4 O-O 7. Bxd6 Qxd6 8.
c3 Bg4 9. O-O Re8 10. Qc2 Nbd7 11. Ng3 Nf8 12. h3 Bh5 13. Nxh5 Nxh5 14. Be2 Nf4
15. Bf3 Re7 16. c4 dxc4 17. Qxc4 c6 18. Nc3 Nd7 19. Rae1 Nb6 20. Qb3 Rae8 21.
Rxe7 Rxe7 22. Rd1 Rd7 23. Ne4 Qc7 24. Ng3 Qd8 25. Qe3 Nbd5 26. Qd2 Ne6 27. Nf5
Nb6 28. Qe3 g6 29. Nh6+ Kg7 30. Ng4 Nxd4 31. Rxd4 Rxd4 32. Qh6+ Kg8 33. Qe3 Rd7
34. Qe5 h5 35. Nf6+ Kf8 36. Nh7+ Kg8 37. Nf6+ Kf8 38. Nh7+ 1/2-1/2

[Event "Brno Open FIDE"]
[Site "?"]
[Date "2016.08.28"]
[Round "9"]
[White "Von Keyserlingk, Chanda"]
[Black "Veznik, Michael"]
[Result "0-1"]
[WhiteElo "1794"]
[BlackElo "1817"]
[PlyCount "74"]
[EventDate "2016.08.??"]

1. d4 c6 2. c4 g6 3. Nf3 Bg7 4. Nc3 d6 5. g3 Nd7 6. Bg2 Ngf6 7. O-O O-O 8. Re1
e5 9. dxe5 dxe5 10. Rb1 a5 11. b3 Qc7 12. e4 Rd8 13. Qe2 Nc5 14. Nd2 Nd3 15.
Rf1 Bg4 16. Nf3 Nxc1 17. Rbxc1 Bh6 18. Rcd1 Nd7 19. Qc2 Nc5 20. Rxd8+ Rxd8 21.
h3 Bxf3 22. Bxf3 Rd2 23. Qb1 Rd3 24. Be2 Rxc3 25. Qb2 Nxe4 26. Kg2 Qd8 27. Rd1
Qf6 28. f3 Qg5 29. g4 Qe3 30. Rd8+ Kg7 31. Bd1 Nc5 32. Qa3 e4 33. Qxa5 exf3+
34. Kf1 f2 35. Be2 Qxh3+ 36. Kxf2 Ne4+ 37. Ke1 Qg3+ 0-1

[Event "Brno Open FIDE"]
[Site "?"]
[Date "2016.08.28"]
[Round "9"]
[White "Koci, Tomas"]
[Black "Habinova, Alice"]
[Result "0-1"]
[WhiteElo "1569"]
[BlackElo "1212"]
[PlyCount "84"]
[EventDate "2016.08.??"]

1. d4 d5 2. c4 e5 3. dxe5 d4 4. e3 Bb4+ 5. Bd2 dxe3 6. fxe3 Qh4+ 7. g3 Qe4 8.
Qf3 Bxd2+ 9. Nxd2 Qxe5 10. Qe4 Qxe4 11. Nxe4 Bd7 12. Bg2 Bc6 13. Kf2 Nd7 14.
Nc3 Bxg2 15. Kxg2 Ngf6 16. Nf3 {(R)} O-O 17. Rad1 a6 18. a3 Rad8 19. Rhe1 Rfe8
20. Rd2 Ng4 21. e4 Nb6 22. b3 {(R)} Rxd2+ 23. Nxd2 Rd8 24. Re2 Rd3 25. Nd1 Ne5
26. Nf2 Rc3 27. Nd1 Rc2 28. Ne3 Ra2 29. a4 Nd3 30. h3 Nd7 31. Nd5 c6 32. Nc3 {
(R)} Rc2 33. Ndb1 Rxe2+ 34. Nxe2 N7c5 35. Nd2 Kf8 36. Kf3 Ke7 37. Ke3 a5 38.
Kd4 Kd6 39. Nf4 Nc1 40. e5+ Kc7 41. Kxc5 g5 42. Ng2 Ne2 0-1

[Event "Brno Open FIDE"]
[Site "?"]
[Date "2016.08.28"]
[Round "9"]
[White "Koci, Tereza"]
[Black "Koci, Milos"]
[Result "1-0"]
[WhiteElo "1717"]
[BlackElo "1251"]
[PlyCount "43"]
[EventDate "2016.08.??"]

1. d4 d5 2. c4 c6 3. cxd5 cxd5 4. Nc3 e6 5. e3 a6 6. Bd3 Nf6 7. Nf3 Be7 8. O-O
O-O 9. Ne5 Nbd7 10. f4 Qc7 11. Rf3 Re8 12. Rh3 Nf8 13. g4 Ng6 14. g5 Nd7 15.
Nxd7 Qxd7 16. Qh5 f5 17. gxf6 Bxf6 18. Qxh7+ Kf7 19. Bxg6+ Ke7 20. Bxe8 Qxe8
21. b3 Qd7 22. Ba3+ 1-0

[Event "Brno Open FIDE"]
[Site "?"]
[Date "2016.08.28"]
[Round "9"]
[White "Brda, Vlastimil"]
[Black "Zejda, Karel"]
[Result "0-1"]
[WhiteElo "1246"]
[BlackElo "1772"]
[PlyCount "70"]
[EventDate "2016.08.??"]

1. e4 c5 2. Bc4 d6 3. b3 Nf6 4. Bb2 e6 5. Qf3 Be7 6. Ne2 Nc6 7. d4 cxd4 8. Nxd4
Ne5 9. Bb5+ Nfd7 10. Bxd7+ Bxd7 11. Qg3 Bf6 12. O-O O-O 13. a4 a6 14. Nd2 Rc8
15. c3 Bh4 16. Qh3 Ng6 17. N2f3 e5 18. Nf5 Bf6 19. c4 Nf4 20. Qg4 h5 21. Qh4
Bxh4 22. N3xh4 g6 23. Nxd6 Qxh4 24. Nxc8 Bxc8 25. Bxe5 Nxg2 26. Bd6 Qg5 27. f4
Nxf4+ 28. Kf2 Nh3+ 29. Ke2 Bg4+ 30. Kd3 Rd8 31. c5 Qxc5 32. Rf6 Rxd6+ 33. Rxd6
Qxd6+ 34. Ke3 Qxh2 35. Kd4 Qb2+ 0-1